Readings in sociology.

Bibliographic Details
New Title:Sociology (Dushkin Publishing Group)
Format: Serial
Language:English
Published: Guilford, Conn. : Dushkin Publishing Group, [1972-19]
Subjects:
Online Availability: Check for online availability

MARC

Tag First Indicator Second Indicator Subfields
LEADER 00000cas a2200000 a 4500
001 in00000071202
005 20151008062113.0
008 730516d197319uuctuau1 0uuua0eng
010 |a  72076876  
012 |a 2  |b 3  |c -  |d 7  |e -  |f -  |g p  |h -  |i ---- 
022 0 |a 0090-4236 
035 |a (OCoLC)01783640 
035 |9 AAJ9528AM 
037 |b 06437 
040 |a DLC  |c DLC  |d OCL  |d NSD  |d DLC  |d TXA  |d UtOrBLW 
042 |a lc  |a nsdp 
043 |a n-us--- 
049 |a TXAE 
050 0 0 |a HM1  |b .A76 
082 0 |a 301/.05 
222 0 |a Annual editions. Readings in sociology 
245 0 0 |a Readings in sociology. 
264 1 |a Guilford, Conn. :  |b Dushkin Publishing Group,  |c [1972-19] 
300 |a volumes :  |b illustrations ;  |c 28 cm. 
310 |a Annual 
336 |a text  |b txt  |2 rdacontent 
337 |a unmediated  |b n  |2 rdamedia 
338 |a volume  |b nc  |2 rdacarrier 
500 |a Description based on: 78/79 edition. 
650 0 |a Sociology  |v Periodicals. 
651 0 |a United States  |x Social conditions  |v Periodicals. 
785 0 0 |t Sociology (Dushkin Publishing Group)  |x 0277-9315 
999 |a MARS 
999 f f |s 5c7b09b7-6e18-3d9f-b4a0-d7631c9c1445  |i 8f9e2265-ab66-3844-aac9-7a962de8804f  |t 0 
952 f f |p ric  |a Texas A&M University  |b Rellis Campus  |c Joint Library Facility  |d Remote Storage  |t 0  |e HM1 .A76  |h Library of Congress classification  |i unmediated -- volume  |k 1978/1979  |m A14807435164 
998 f f |a HM1 .A76  |s 1978/1979  |t 0  |l Remote Storage